| 000 | 00792nam a2200277 a 4500 | ||
|---|---|---|---|
| 001 | 76399 | ||
| 003 | BD-RjUL | ||
| 005 | 20211209082833.0 | ||
| 008 | 191202s1952 njua b 001 0 eng | ||
| 035 | _a(BD-RjUL)76620 | ||
| 035 | _a646116 | ||
| 040 |
_aLC _beng _cLC _dXNTU _dBD-RjUL |
||
| 041 | _aeng | ||
| 082 | 0 | 4 |
_223 _a701.17 _bWES 1952 |
| 100 | 1 |
_aWeyl, Hermann, _d1885-1955. _9235847 |
|
| 245 | 1 | 0 |
_aSymmetry / _cby Hermann Weyl. |
| 260 |
_aPrinceton : _bPrinceton University Press, _c1952. |
||
| 300 |
_a168 p.: _billus. _c23 cm. |
||
| 500 | _aIncludes index. | ||
| 504 | _a"Preface and bibliographical remarks": 5th and 6th prelim. pages. | ||
| 650 | 0 |
_aAesthetics. _9235848 |
|
| 650 | 0 |
_aProportion (Art) _9235849 |
|
| 942 |
_2ddc _cBK |
||
| 999 |
_c76399 _d76399 |
||